| 000 | 00479cam a2200169ua 4500 | ||
|---|---|---|---|
| 041 |
_aeng _h |
||
| 082 |
_a628.168 _bARC/WA |
||
| 100 | _aArceivala, Soli J . | ||
| 245 |
_aWaste water treatment for pollution control and reuse / _cSoli J Arceivala. _hTextual Documents |
||
| 250 |
_a3 / _b. |
||
| 260 |
_aNew Delhi : _bTata Mc-Graw Hill Publishing Company , _c2008. |
||
| 300 | _a ; . | ||
| 504 | _a | ||
| 700 | 1 | _aAsolekar, Shyam R . | |
| 942 | _cBK | ||
| 999 |
_c13457 _d13457 |
||